| 000 | 00524nam a22001577a 4500 | ||
|---|---|---|---|
| 008 | 180903b xxu||||| |||| 00| 0 eng d | ||
| 020 | _a0963198106 (alk. paper) | ||
| 050 |
_aBT966.2 _b.A52 1992 |
||
| 100 | _aAnderson, Joan Wester | ||
| 245 |
_aWhere angels walk : _btrue stories of heavenly visitors / _cJoan Wester Anderson |
||
| 260 |
_aSea Cliff, N.Y. : _bBarton & Brett, _c1992 |
||
| 300 |
_axiii, 210 p. ; _c22 cm |
||
| 500 | _aIncludes bibliographical references | ||
| 650 | _aAngels | ||
| 942 |
_2lcc _cBK |
||
| 999 |
_c53480 _d53480 |
||